quiz o dziejach Kościoła - Statystyki

Ogólne statystyki
  • Ten quiz został rozwiązany 131 razy
  • Średni wynik to 6 z 9
Statystyki odpowiedzi
Zagadnienie Odpowiedź % Poprawnych
w którym roku Karol Wojtyła został papieżem? 1978
98%
gdzie leży stolica katolicka? Przy rzymie
98%
kościół powstał w I wieku prawda
92%
jaki ornat nosi kapłan w okresie Wielkiego postu? fioletowy
90%
ile było papieży? 266
54%
Kto założył Kościół? Jezus
52%
w którym roku odbył się pierwszy sobór watykański? 1869-1870
46%
Kto był pierwszym antypapieżem? Hipolit
46%
Który papież miał herb jako pierwszy? Innocenty III
38%
Nie znaleziono quizów pasujących do podanych kryteriów
Rozkład punktacji
Procent ludzi z każdym wynikiem
Percentyl według liczby udzielonych odpowiedzi
Twoja historia wyników
Nie rozwiązałeś tego quizu